Responses for show #5086 - Monday, October 23, 2006

Contestants

Rick Walsh, an attorney from Bedford, New Hampshire

John Bowen, an archivist from Dearborn, Michigan

Dave Singleton, an academic advisor from Henderson, Nevada (whose 1-day cash winnings total $8,600)

Jeopardy! Round responses

COMPOUNDS IN ACTION
ROCK 'N' ROLL HISTORY
MAIDEN NAMES
(Alex: You have to give us the famous married name.)
BOOK 'EM, DAN-O
THE "CAT"
THE CANARY
    $200 7
tarnish

John
    $200 1
MTV

Dave
    $200 6
Brown

Dave
    $200 16
(Daniel) Defoe

Dave
    $200 17
a caterpillar

Dave
    $200 22
London

John
    $400 8
(Rick: What is Drano?)
(Alex: No. Dave or John? What is [*]? Notice we abbreviated the spelling to keep it in line with the product.)

Liquid-Plumr

Rick
Triple Stumper
    $400 2
Woodstock

John
    $400 12
Lindbergh

John
    $400 24
Dan Brown

Dave
    $400 18
the Catskills

Dave
    $400 23
Tiffany

Dave
    $600 9
baking soda

John
    $600 3
The Monkees

Rick
    $600 13
King

John
    $600 25
Dan Quayle

Rick
    $600 19
cattle call

Dave
    $600 28
Germany

John
    $800 10
(Alex: I didn't know this, either--Purple [*].)

K

Triple Stumper
    $800 4
Sonny Bono

Rick
    $800 14
Jagger

John
    $800 26
Dan Rather

John
    $800 20
(Rick: What is Canton?)
(Alex: No. Dave or John? Canton is a city in the south. [*] is the name for that part of China.)

Cathay

Rick
Triple Stumper
    $800 29
Calamity Jane

John
    $1000 11
hydrogen peroxide

John
    $1000 5
Neil Young

John
    $2,000 15
Curie

John
    $1000 27
Daniel Handler

Triple Stumper
    $1000 21
a categorical imperative

Rick
    $1000 30
Spain

John

Scores at the first commercial break (after clue 15):

Dave John Rick
$400 $7,000 $1,000

Scores at the end of the Jeopardy! Round:

Dave John Rick
$2,600 $10,400 $1,800

Double Jeopardy! Round responses

SCULPTURE
GEORGE CLOONEY ON CELLULOID
NATIONAL SCENIC BYWAYS
FOOD-O
(Alex: Each correct response will end in the letter O.)
HISTORICAL MEN & WOMEN
NATIONAL SPELLING BEE WINNING WORDS
(Alex: You must do what the kids had to do: you have to spell the word.)
    $400 11
David

Dave
    $400 12
Good Night and Good Luck

John
    $400 21
(Rick: What is Coke?)

ketchup

DaveRick
    $400 4
(Rick: What is lemon?)

mango

DaveRick
    $400 1
Marie Antoinette

Rick
    $400 26
A-L-B-U-M-E-N

Dave
    $800 17
(Alexander) Calder

Rick
    $800 13
Syriana

Dave
    $800 22
Minnesota

Dave
    $800 5
jalapeƱo

Dave
    $800 2
Constantine (the Great)

Triple Stumper
    $800 27
(Rick: What is A-P-S-E?)

T-R-A-N-S-E-P-T

Rick
Triple Stumper
    $1200 18
Michelangelo

Rick
    $1200 14
Three Kings

Dave
    $1200 23
the Rockies

John
    $1200 6
portobello

John
    $1200 3
Socrates

Dave
    $1600 19
Trajan

John
    $1600 15
O Brother, Where Art Thou?

Dave
    $2,000 24
(John: What is Route 66?)

the Santa Fe Trail

John
    $1600 7
pomelo

Triple Stumper
    $1600 9
Sweden

Triple Stumper
    $2000 20
(Charles Marion) Russell

Rick
    $2000 16
(John: What is Confessions of a Hit Man?)

Confessions of a Dangerous Mind

John
Triple Stumper
    $2000 25
the Lincoln Highway

John
    $1,600 8
(Alex: Are we accepting it? Okay. We are giving you the benefit of the doubt. You made it sound as if you spell it B-E-N-I-T-O when in fact it is spelled B-O--[*].)

bonito

John
    $2000 10
Oliver Cromwell

John
    $2000 28
[The end-of-round signal sounds.]

E-C-Z-E-M-A

Rick

Scores at the end of the Double Jeopardy! Round:

Dave John Rick
$10,600 $16,400 $6,600

[wagering suggestions for these scores]

Final Jeopardy! Round responses

RELIGIOUS HISTORY
(Alex: [Giving the correct response] It got to be the basis book for the Anglican faith.)
RickWhat is the King James Bible?
$6,599
DaveWhat is the St. James Bible?
$2,600
JohnWhat is the King James Bible
$4,900
The Book of Common Prayer

Final scores:

Dave John Rick
$8,000 $11,500 $1
2nd place: $2,000 New champion: $11,500 3rd place: $1,000

Game dynamics:

Coryat scores:

Dave John Rick
$10,600 $17,800 $6,600
18 R,
0 W
21 R
(including 2 DDs),
2 W
(including 1 DD)
9 R,
5 W

Combined Coryat: $35,000

The J! Archive is created by fans, for fans. The Jeopardy! game show and all elements thereof, including but not limited to copyright and trademark thereto, are the property of Jeopardy Productions, Inc. and are protected under law. This website is not affiliated with, sponsored by, or operated by Jeopardy Productions, Inc. Join the discussion at JBoard.tv.